Les faux-monnayeurs : (Record no. 6704)
[ view plain ]
| 000 -CABECERA | |
|---|---|
| campo de control de longitud fija | 00545cam a2200181 a 4500 |
| 001 - NÚMERO DE CONTROL | |
| campo de control | 000006919 |
| 005 - FECHA Y HORA DE LA ÚLTIMA TRANSACCIÓN | |
| campo de control | 20200929154023.0 |
| 008 - DATOS DE LONGITUD FIJA--INFORMACIÓN GENERAL | |
| campo de control de longitud fija | 820625s1925 fr 000 0 fre d |
| 040 ## - FUENTE DE LA CATALOGACIÓN | |
| Centro catalogador/agencia de origen | DO-SdBNP |
| Lengua de catalogación | spa |
| Centro/agencia transcriptor | BNPHU |
| 082 ## - NÚMERO DE LA CLASIFICACIÓN DECIMAL DEWEY | |
| Número de clasificación | 843.9 |
| Número de documento/Ítem | G453f, 1935 |
| 100 1# - ENTRADA PRINCIPAL--NOMBRE DE PERSONA | |
| Nombre de persona | Gide, Andre, |
| Fechas asociadas al nombre | 1869-1951. |
| 9 (RLIN) | 6173 |
| 245 14 - MENCIÓN DE TÍTULO | |
| Título | Les faux-monnayeurs : |
| Resto del título | roman / |
| Mención de responsabilidad, etc. | Andre Gide. |
| 250 ## - MENCIÓN DE EDICIÓN | |
| Mención de edición | 25a ed. |
| 260 ## - PUBLICACIÓN, DISTRIBUCIÓN, ETC. | |
| Lugar de publicación, distribución, etc. | Paris : |
| Nombre del editor, distribuidor, etc. | Gallimard ; |
| -- | Nouvelle Revue Française, |
| Fecha de publicación, distribución, etc. | 1925. |
| 300 ## - DESCRIPCIÓN FÍSICA | |
| Extensión | 503 p. ; |
| Dimensiones | 19 cm. |
| 650 #4 - PUNTO DE ACCESO ADICIONAL DE MATERIA--TÉRMINO DE MATERIA | |
| Término de materia o nombre geográfico como elemento de entrada | Novela francesa |
| 9 (RLIN) | 1075 |
| 650 #4 - PUNTO DE ACCESO ADICIONAL DE MATERIA--TÉRMINO DE MATERIA | |
| Término de materia o nombre geográfico como elemento de entrada | Literatura francesa |
| 9 (RLIN) | 1074 |
| Estado de retiro | Estado de pérdida | Restricciones de uso | No para préstamo | Código de colección | Localización permanente | Ubicación/localización actual | Ubicación en estantería | Fecha de adquisición | Número de inventario | Total de préstamos | Signatura topográfica completa | Código de barras | Fecha visto por última vez | Precio válido a partir de | Tipo de ítem Koha |
|---|---|---|---|---|---|---|---|---|---|---|---|---|---|---|---|
| Préstamo interno | Monografías: Libros y Folletos | General | General | En catalogación | 03.09.2009 | LF1 | 843.9 G453f, 1935 | 6919-10 | 25.06.2020 | 25.06.2020 | Préstamo interno |
